El Acto administrativo

Detalles Bibliográficos
Autor principal: Dromi, Roberto
Formato: Desconocido
Lenguaje:inglés
Publicado: Buenos Aires : Ciudad Argentina, 2008
Materias:
Acceso en línea:Acceso restringido

MARC

LEADER 00000ny a22000003n 4500
005 20110620124923.0
008 091211s2008 ag 000 0 eng d
020 |a 9789875072794 
035 |a 2545 
040 |a BUS  |d vLex 
080 |a 342.924 
090 |c 870  |d 870 
100 1 |a Dromi, Roberto. 
245 1 3 |a El Acto administrativo  |h [Recurso electrn̤ico]  |c Roberto Dromi 
256 |a Servicio en ln̕ea 
260 |a Buenos Aires :  |b Ciudad Argentina,  |c 2008 
300 |a 299 p. ;  |c 20 cm 
506 1 |a Contenido solo disponible en los productos indicados  |d vLex Global  |d vLex Global (Academic Edition, excluding Law Schools)  |d vLex Global (U.S. Academic Edition, Law Schools)  |d vLex Global (U.S. Academic Edition, excluding Law Schools)  |d vLex Global (Academic Edition, Law Schools) 
650 0 4 |a Actos administrativos  |z Argentina 
740 0 |a vLex Libros (Servicios en ln̕ea) 
856 4 0 |u http://vlex.com/source/2545  |z Acceso restringido 
942 |c BOOK 
999 0 |a Administrative acts  |b Argentina